000 00404nam a22001457a 4500
020 _qHB.
040 _cFizza Ishaq
082 _a796.86
_bISS
100 _aChozanshi, Issai.
_9133457
245 _aThe Demon's Sermon on the Martial Arts /
_cIssai Chozanshi.
250 _a1st Ed.
260 _aTokyo :
_bKodansha International,
_c2006.
300 _a221 p. ;
_c 7.6 x 0.8 x 5.3 inches
942 _2ddc
_cBK
999 _c616413
_d616413